Feladatlapok az Olvasókönyvhöz és az íráshoz a speciális alapiskola 3. osztálya számára

Podrobná bibliografia
Hlavní autori: Hlavatá, Margita, 1930- (Autor), Varsányi, László (Autor)
Ďalší autori: Hammelová, Ida (Ilustrátor), Janiga, József, 1946-2004 (Ilustrátor)
Médium: Kniha
Jazyk:maďarčina
Fyzický popis:76 s. ilustr. 30 cm
Vydavateľské údaje: Bratislava Slovenské pedagogické nakladateľstvo - Mladé letá 2015
ISBN:9788010028191
Vydanie:8. kiad.
Predmet:

MARC

LEADER 00000cam a2200000 a 4500
001 vtls010692419
003 SK-MaSNL
005 20260302051049.0
008 240318s2015 xo a b 000 0 hun
015 |a SNBA2015/08 
020 |a 9788010028191  |q (brož.) 
035 |a 50C44EF5-29B7-4835-8FC6-429113B56250 
035 |a urn:nbn:sk:snk-amjzwq 
035 |a urn:nbn:sk:snk-am0080gm 
040 |a SNK  |b slo  |c SNK  |e AACR2 
041 0 |a hun 
044 |a xo  |c SK 
072 7 |a 373.2/.3  |x Predškolská a primárna výchova a vzdelávanie  |2 konspekt 
080 |a 37.016:028-028.31  |2 2001 
080 |a 37.016:003-028.31  |2 2001 
080 |a (075.2)  |2 2001 
080 |a (076.1)  |2 2001 
100 1 |a Hlavatá, Margita,  |d 1930-  |4 aut  |9 210879 
245 1 0 |a Feladatlapok az Olvasókönyvhöz és az íráshoz  |b a speciális alapiskola 3. osztálya számára  |c Hlavatyné M. Margit, Varsányi László ; [illusztráció: Ida Hammelová, Janiga József] 
246 1 1 |a Pracovné listy k Čítanke a k písaniu 
250 |a 8. kiad. 
260 |a Bratislava  |b Slovenské pedagogické nakladateľstvo - Mladé letá  |c 2015 
300 |a 76 s.  |b ilustr.  |c 30 cm 
650 0 7 |a čítanie  |2 SNKPH  |9 1654 
650 0 7 |a písanie  |2 SNKPH  |9 1728 
650 0 7 |a Reading  |2 SNKPHeng  |9 276976 
650 0 7 |a Writing  |2 SNKPHeng  |9 302882 
655 7 |a učebnice základných škôl  |2 SNKPH  |9 70187 
655 7 |a pracovné listy  |2 SNKPH  |9 70565 
655 7 |a Textbooks (elementary)  |2 SNKPHeng  |9 276977 
655 7 |a Activity pages  |2 SNKPHeng  |9 303110 
700 1 |a Varsányi, László  |4 aut  |9 60847 
700 1 |a Hammelová, Ida  |4 ill  |9 231550 
700 1 |a Janiga, József,  |d 1946-2004  |4 ill  |9 170562 
852 |a Štátna vedecká knižnica v Banskej Bystrici 
919 |a 978-80-10-02819-1 
958 |a HU 
958 |a NM 
958 |a OND 
999 |c 1099609  |d 1101539 
952 |a SNK  |b SNK  |y PREZ  |7 0  |p 17A1168787  |o snkSB 88641  |i snk2015/22602  |8 0  |0 0  |1 0  |4 0  |d 2015-07-23  |f 1  |l 0  |r 2025-05-13 00:00:00  |w 2026-02-24 
952 |a SNK  |b SNK  |y VYP  |7 0  |p 17A1168788  |o snkSB 88641 D1  |i snk2015/22603  |8 0  |0 0  |1 0  |4 0  |d 2015-07-23  |l 0  |r 2026-02-24 17:26:35  |w 2026-02-24